header

The Titan's Curse (Record no. 264577)

MARC details
000 -LEADER
fixed length control field 00224nam a22000977a 4500
008 - FIXED-LENGTH DATA ELEMENTS--GENERAL INFORMATION
fixed length control field 241004b xxu||||| |||| 00| 0 eng d
020 ## - INTERNATIONAL STANDARD BOOK NUMBER
International Standard Book Number 9781423101482
100 ## - MAIN ENTRY--PERSONAL NAME
Personal name Rick Riordan
245 ## - TITLE STATEMENT
Title The Titan's Curse
260 ## - PUBLICATION, DISTRIBUTION, ETC. (IMPRINT)
Date of publication, distribution, etc 2007
Holdings
Withdrawn status Lost status Source of classification or shelving scheme Damaged status Koha normalized classification for sorting Not for loan Koha collection Location (home branch) Sublocation or collection (holding branch) Shelving location Date acquired Koha issues (times borrowed) Koha full call number Piece designation (barcode) Koha date last seen Koha date last borrowed Price effective from Koha item type
    Library of Congress Classification   PZ0007 R48292007   Fiction Rongo University Library Rongo University Library General Stacks 04/10/2024 2 PZ7R48292007 20210020 31/01/2025 24/01/2025 04/10/2024 Long Loan Books

© 2026 Rongo University
Contact us: librarian | system librarian | Rongo university